[Event "International Tournament "]
[Site "Paracin, Hotel "]
[Date "2017.07.08"]
[Round "2.25"]
[White "Sukovic, Andrej"]
[Black "Nestorovic, Dejan"]
[Result "0-1"]
[WhiteElo "2150"]
[BlackElo "2358"]
[PlyCount "122"]
[EventDate "2017.07.07"]

1. e4 c5 2. Nf3 e6 3. d4 cxd4 4. Nxd4 d6 5. Nc3 Nc6 6. Bc4 Nf6 7. Bb3 Be7 8.
O-O O-O 9. Be3 a6 10. f4 Na5 11. Qf3 Qc7 12. f5 Nxb3 13. cxb3 Bd7 14. Rac1 Qa5
15. a3 Rae8 16. b4 Qd8 17. Rfd1 Kh8 18. g4 h6 19. Nde2 Qb8 20. h4 exf5 21. gxf5
d5 22. exd5 Bd6 23. Bc5 Re5 24. Ng3 Rfe8 25. Bd4 R5e7 26. Rd3 Be5 27. Bc5 Bd6
28. Bd4 Be5 29. Bc5 Bxg3 30. Qxg3 Qxg3+ 31. Rxg3 Re5 32. Bd4 Rxf5 33. Rf1 Rxf1+
34. Kxf1 Nh5 35. Re3 Rxe3 36. Bxe3 f5 37. Kf2 Kg8 38. Kf3 Kf7 39. Nb1 Bb5 40.
Nc3 Bc4 41. a4 Ke7 42. Bc5+ Kd7 43. Bf8 g5 44. Bxh6 gxh4 45. Bg5 h3 46. Be3 Kd6
47. Bc5+ Ke5 48. d6 Ke6 49. b5 axb5 50. axb5 Bf1 51. Nd1 Bxb5 52. Bg1 Bc6+ 53.
Ke2 Kxd6 54. Nf2 Bg2 55. Bh2+ Kd5 56. Ke3 f4+ 57. Bxf4 Nxf4 58. Kxf4 h2 59. Ke3
h1=Q 60. Nxh1 Bxh1 61. Kd2 Ke4 0-1

[Event "International Tournament "]
[Site "Paracin, Hotel "]
[Date "2017.07.08"]
[Round "2.26"]
[White "Kovacevic, Aleksandar"]
[Black "Tanriverdi, Enes"]
[Result "1-0"]
[WhiteElo "2507"]
[BlackElo "2203"]
[PlyCount "37"]
[EventDate "2017.07.07"]

1. e4 c5 2. Nf3 e6 3. d4 cxd4 4. Nxd4 a6 5. Nc3 b5 6. Bd3 Bb7 7. O-O Ne7 8. f4
Nbc6 9. Nb3 Ng6 10. Be3 Be7 11. Qh5 O-O 12. Rf3 Re8 13. e5 Bf8 14. Rh3 h6 15.
Ne4 Nb4 16. Nf6+ gxf6 17. Bxg6 fxg6 18. Qxg6+ Kh8 19. Rg3 1-0

[Event "International Tournament "]
[Site "Paracin, Hotel "]
[Date "2017.07.08"]
[Round "2.27"]
[White "Jevtic, Sreten"]
[Black "Savic, Miodrag R"]
[Result "1/2-1/2"]
[WhiteElo "2196"]
[BlackElo "2492"]
[PlyCount "118"]
[EventDate "2017.07.07"]

1. Nf3 d5 2. c4 e6 3. cxd5 exd5 4. d4 c6 5. Bf4 Qb6 6. Qc1 Nf6 7. e3 Bf5 8.
Nbd2 Nbd7 9. Be2 Be7 10. O-O h6 11. a3 O-O 12. Qc3 Rfc8 13. Bd3 Ne4 14. Bxe4
dxe4 15. Ne5 Nf6 16. Qb3 Qxb3 17. Nxb3 Nh5 18. Bg3 Nxg3 19. hxg3 Be6 20. Nc5
Bxc5 21. dxc5 Rd8 22. Rfc1 Rd2 23. Nc4 Bxc4 24. Rxc4 Re8 25. Rb4 Re7 26. Rc1 f5
27. Kf1 Kf7 28. Ke1 Rd5 29. Ra4 a6 30. Rac4 Red7 31. g4 fxg4 32. Rxe4 g3 33.
fxg3 Rd2 34. Rf4+ Ke6 35. Rcc4 Rd1+ 36. Ke2 R7d2+ 37. Kf3 Rf1+ 38. Ke4 Rb1 39.
b4 Rd5 40. Kf3 Rf1+ 41. Ke2 Rg1 42. Rce4+ Re5 43. Kf2 Ra1 44. Rxe5+ Kxe5 45.
Rf7 g5 46. Rxb7 Rxa3 47. Rb6 Ra2+ 48. Kf3 h5 49. g4 hxg4+ 50. Kxg4 Rxg2+ 51.
Kf3 Rb2 52. Rxa6 g4+ 53. Kg3 Rxb4 54. Rxc6 Rb3 55. Kxg4 Rxe3 56. Rc8 Rc3 57. c6
Kd6 58. Kf4 Rxc6 59. Rxc6+ Kxc6 1/2-1/2

[Event "International Tournament "]
[Site "Paracin, Hotel "]
[Date "2017.07.08"]
[Round "2.28"]
[White "Costachi, Mihnea"]
[Black "Pecurica, Milos"]
[Result "1/2-1/2"]
[WhiteElo "2427"]
[BlackElo "2255"]
[Annotator "Natasa"]
[PlyCount "47"]
[EventDate "2017.07.07"]

1. d4 d5 2. Bf4 Nf6 3. e3 c5 4. Nc3 a6 5. Be2 cxd4 6. exd4 Nc6 7. Nf3 Bg4 8. h3
Bh5 9. g4 Bg6 10. Ne5 Qb6 11. Nxc6 Qxc6 12. f3 e6 13. h4 h5 14. g5 Nd7 15. Bd3
Bb4 16. Bxg6 Bxc3+ 17. bxc3 fxg6 18. Qd3 O-O 19. Bd2 Rf5 20. O-O Nb6 21. Be1
Na4 22. Rb1 b5 23. Qe3 Rc8 24. Rb3 {unreadable} 1/2-1/2

[Event "International Tournament "]
[Site "Paracin, Hotel "]
[Date "2017.07.08"]
[Round "2.29"]
[White "Petrov, Martin"]
[Black "Ersahin, Bulent"]
[Result "1-0"]
[WhiteElo "2417"]
[BlackElo "2145"]
[Annotator "Natasa"]
[PlyCount "53"]
[EventDate "2017.07.07"]

1. e4 c5 2. Nf3 d6 3. d4 cxd4 4. Nxd4 Nf6 5. Nc3 a6 6. Be3 e5 7. Nb3 Be6 8. Qd2
Nbd7 9. f3 Be7 10. g4 b5 11. g5 b4 12. Ne2 Nh5 13. Ng3 Nf4 14. h4 O-O 15. Nf5
a5 16. Nbd4 Rc8 17. Nxe6 fxe6 18. Nxd6 Rc6 19. Nb5 Nc5 20. Qxd8 Rxd8 21. Rd1
Rb8 22. a3 Rb7 23. Bxf4 exf4 24. Nd4 Rd6 25. Rh2 Nd7 26. Rhd2 h6 27. axb4 {
unreadable} 1-0

[Event "International Tournament "]
[Site "Paracin, Hotel "]
[Date "2017.07.08"]
[Round "2.30"]
[White "Budimir, Boris"]
[Black "Haria, Ravi"]
[Result "0-1"]
[WhiteElo "2233"]
[BlackElo "2417"]
[PlyCount "90"]
[EventDate "2017.07.07"]

1. e4 e6 2. d4 d5 3. Nc3 Bb4 4. exd5 exd5 5. Bd3 Nc6 6. a3 Bxc3+ 7. bxc3 Nge7
8. h3 Bf5 9. Nf3 O-O 10. O-O Qd7 11. Bf4 Rfe8 12. Re1 f6 13. Bg3 Na5 14. Rb1 b6
15. Qd2 Nc4 16. Qc1 c6 17. Nd2 Nxd2 18. Qxd2 b5 19. Re2 Bxd3 20. cxd3 Nf5 21.
Rbe1 g5 22. Kh2 Kg7 23. f4 h6 24. fxg5 hxg5 25. Rxe8 Rxe8 26. Rxe8 Qxe8 27. Bf2
Qe7 28. g4 Qd6+ 29. Kg2 Ne7 30. Qc1 Qe6 31. Qe1 Qxe1 32. Bxe1 Ng6 33. Bd2 a5
34. Kf3 a4 35. Be3 Kf7 36. Bd2 Ke6 37. Be3 Nh8 38. Bf2 Nf7 39. h4 gxh4 40. Bxh4
Nd6 41. Bg3 b4 42. axb4 Nb5 43. Ke3 Nxc3 44. Kd2 Nb5 45. Bf2 f5 0-1

[Event "International Tournament "]
[Site "Paracin, Hotel "]
[Date "2017.07.08"]
[Round "2.31"]
[White "Dimitrov, Vladimir"]
[Black "Budisavljevic, Luka"]
[Result "1/2-1/2"]
[WhiteElo "2359"]
[BlackElo "2196"]
[PlyCount "40"]
[EventDate "2017.07.07"]

1. d4 Nf6 2. c4 c5 3. d5 e6 4. Nc3 exd5 5. cxd5 d6 6. e4 g6 7. f4 Bg7 8. Bb5+
Nfd7 9. Bd3 Qh4+ 10. g3 Qe7 11. Nf3 O-O 12. O-O a6 13. a4 Nf6 14. e5 dxe5 15.
fxe5 Ng4 16. d6 Qe6 17. Bf4 Nxe5 18. Be4 Nbc6 19. Bd5 Qg4 20. Nxe5 Nxe5 1/2-1/2

[Event "International Tournament "]
[Site "Paracin, Hotel "]
[Date "2017.07.08"]
[Round "2.32"]
[White "Pantelic, Sasa"]
[Black "Ozenir, Ekin Baris"]
[Result "1/2-1/2"]
[WhiteElo "2358"]
[BlackElo "2098"]
[PlyCount "125"]
[EventDate "2017.07.07"]

1. d4 Nf6 2. c4 e6 3. a3 b6 4. Nc3 d5 5. Bg5 Bb7 6. cxd5 exd5 7. Qa4+ Nbd7 8.
Nf3 a6 9. Ne5 b5 10. Qb3 Be7 11. e3 O-O 12. Nxd7 Qxd7 13. Be2 Ne4 14. Nxe4 dxe4
15. Bxe7 Qxe7 16. Rc1 Qg5 17. g3 Bd5 18. h4 Qd8 19. Qc3 c6 20. Bd1 Qd7 21. Bb3
Rac8 22. O-O Qe6 23. Bxd5 cxd5 24. Qa5 f5 25. Qd2 Qd6 26. Rc3 Rc4 27. Rfc1 Rfc8
28. b3 R4c7 29. Kg2 Kf7 30. a4 bxa4 31. bxa4 Rxc3 32. Rxc3 Rxc3 33. Qxc3 h5 34.
Qc8 g6 35. Qb7+ Kf8 36. a5 Ke8 37. Kf1 Kd8 38. Ke2 Ke8 39. Kd1 Kd8 40. Kd2 Ke8
41. Kc2 Kd8 42. Kb3 Ke8 43. Qb6 Kd7 44. Qa7+ Kd8 45. Qb7 Ke8 46. Kc2 Kd8 47.
Kd1 Ke8 48. Ke2 Kf8 49. Kf1 Ke8 50. Kg2 Qe6 51. Qc7 Kf8 52. Kf1 Ke8 53. Ke2 Kf8
54. Kd2 Ke8 55. Kc3 Qd7 56. Qb6 Qc8+ 57. Kb2 Kf7 58. Qd6 Qb7+ 59. Ka3 Qb5 60.
Qc7+ Ke8 61. Qb6 Qd3+ 62. Qb3 Qxb3+ 63. Kxb3 1/2-1/2

[Event "International Tournament "]
[Site "Paracin, Hotel "]
[Date "2017.07.08"]
[Round "2.33"]
[White "Bojicic, Andjela"]
[Black "Ardeleanu, Alin"]
[Result "1/2-1/2"]
[WhiteElo "2072"]
[BlackElo "2339"]
[PlyCount "46"]
[EventDate "2017.07.07"]

1. d4 Nf6 2. c4 g6 3. Nc3 Bg7 4. e4 d6 5. f3 O-O 6. Be3 a6 7. Qd2 Nbd7 8. Nge2
c5 9. dxc5 dxc5 10. O-O-O Qa5 11. Kb1 e6 12. Nd5 Qd8 13. Nxf6+ Bxf6 14. Nc3 Qc7
15. f4 Bd4 16. e5 Bxc3 17. Qxc3 f6 18. exf6 Nxf6 19. g3 Bd7 20. Bg2 Bc6 21. Qc2
Ng4 22. Bc1 Nh6 23. Rhe1 Nf5 1/2-1/2

[Event "International Tournament "]
[Site "Paracin, Hotel "]
[Date "2017.07.08"]
[Round "2.34"]
[White "Becker, Marcel"]
[Black "Bozbey, Ali"]
[Result "1/2-1/2"]
[WhiteElo "2339"]
[BlackElo "2139"]
[Annotator "Balkanchess"]
[PlyCount "95"]
[EventDate "2017.07.07"]

1. d4 d6 2. c4 e5 3. Nf3 e4 4. Nfd2 f5 5. e3 Nf6 6. Nc3 Be7 7. Be2 O-O 8. O-O
c6 9. b4 Na6 10. Qb3 Nc7 11. f3 exf3 12. Nxf3 Be6 13. Ng5 Bd7 14. Bd2 Ng4 15.
Nh3 Bg5 16. Bxg4 fxg4 17. Rxf8+ Kxf8 18. Nxg5 Qxg5 19. c5 d5 20. Qc2 Kg8 21. e4
Qg6 22. Bf4 Ne6 23. Be5 Ng5 24. Re1 dxe4 25. Nxe4 Bf5 26. Qb3+ Be6 27. Qe3 Nxe4
28. Qxe4 Qxe4 29. Rxe4 Bxa2 30. Bd6 b6 31. Re7 bxc5 32. dxc5 a5 33. bxa5 Rxa5
34. Rc7 Bd5 35. Be5 g6 36. Rg7+ Kf8 37. Rxh7 Ra2 38. Bd6+ Kg8 39. Rc7 Rxg2+ 40.
Kf1 Rc2 41. Ke1 Bf3 42. Re7 Bd5 43. Kd1 Rf2 44. Rc7 Bf3+ 45. Kc1 Bd5 46. Kd1
Bf3+ 47. Kc1 Bd5 48. Kd1 1/2-1/2

[Event "International Tournament "]
[Site "Paracin, Hotel "]
[Date "2017.07.08"]
[Round "2.35"]
[White "Cerovic, Danilo"]
[Black "Gulden, Egemen"]
[Result "1-0"]
[WhiteElo "2335"]
[BlackElo "2044"]
[PlyCount "57"]
[EventDate "2017.07.07"]

1. e4 e5 2. Nf3 Nc6 3. Bc4 Nf6 4. d3 Be7 5. O-O d6 6. a4 h6 7. a5 a6 8. Nbd2 g5
9. c3 g4 10. Ne1 Be6 11. Qb3 Qc8 12. Nc2 h5 13. Ne3 Nd8 14. f4 exf4 15. Rxf4
Rg8 16. Ndf1 h4 17. Bd2 g3 18. hxg3 hxg3 19. Rf3 Nh5 20. Nf5 c6 21. N1e3 Bf8
22. d4 Bxc4 23. Nxc4 Qe6 24. d5 Qg6 25. Re1 Rh8 26. e5 Bg7 27. exd6+ Kf8 28. d7
Nf6 29. Qa3+ 1-0

[Event "International Tournament "]
[Site "Paracin, Hotel "]
[Date "2017.07.08"]
[Round "2.37"]
[White "Radovic, Janko"]
[Black "Maksimovic, Masa"]
[Result "1-0"]
[WhiteElo "2306"]
[BlackElo "2094"]
[PlyCount "105"]
[EventDate "2017.07.07"]

1. e4 c5 2. Nf3 e6 3. c3 d5 4. exd5 Qxd5 5. d4 Nf6 6. Be3 cxd4 7. cxd4 Be7 8.
Nc3 Qd6 9. a3 O-O 10. g3 Nc6 11. Bg2 a6 12. O-O Qc7 13. Rc1 Rd8 14. Qc2 Bd7 15.
Ng5 h6 16. Nge4 Nd5 17. Nxd5 exd5 18. Nc5 Bxc5 19. dxc5 Be6 20. Rfd1 d4 21. Bf4
Qd7 22. Bd6 Bh3 23. Be4 Rac8 24. b4 Re8 25. f3 h5 26. Rb1 Re6 27. Qd3 Kh8 28.
b5 axb5 29. Qxb5 Qe8 30. Qxb7 Ne5 31. Qxc8 Qxc8 32. Rb8 Qxb8 33. Bxb8 f5 34.
Bd5 Re8 35. Bd6 Nd7 36. Rxd4 Nf6 37. Kf2 Nxd5 38. Rxd5 Kg8 39. Bf4 Rc8 40. a4
Kf7 41. a5 Ke6 42. Rd6+ Ke7 43. Rb6 Kd7 44. Rd6+ Ke7 45. Rb6 Kd7 46. Bd6 f4 47.
a6 g6 48. a7 Ra8 49. Bb8 fxg3+ 50. Kxg3 Bf5 51. Kf4 Kc8 52. Kg5 Kd7 53. Rxg6
1-0

[Event "International Tournament "]
[Site "Paracin, Hotel "]
[Date "2017.07.08"]
[Round "2.38"]
[White "Banzea, Alexandru-Bogdan"]
[Black "Koutsidis, Achilleas"]
[Result "1-0"]
[WhiteElo "2300"]
[BlackElo "1815"]
[PlyCount "37"]
[EventDate "2017.07.07"]

1. e4 c5 2. Nf3 d6 3. Bb5+ Bd7 4. Bxd7+ Qxd7 5. O-O Nc6 6. Qe2 g6 7. c3 Bg7 8.
Rd1 e5 9. Na3 Nge7 10. Nc4 O-O 11. a4 f5 12. d3 Nd8 13. b4 cxb4 14. cxb4 Qe6
15. b5 Nf7 16. Ba3 Nc8 17. Rab1 Qe7 18. Qa2 f4 19. d4 1-0

[Event "International Tournament "]
[Site "Paracin, Hotel "]
[Date "2017.07.08"]
[Round "2.39"]
[White "Damjanovic, Vuk"]
[Black "Ivic, Matija"]
[Result "0-1"]
[WhiteElo "1755"]
[BlackElo "2297"]
[PlyCount "72"]
[EventDate "2017.07.07"]

1. d4 g6 2. c4 Bg7 3. Nc3 d6 4. e4 Nf6 5. Be2 O-O 6. Be3 c6 7. Nf3 Ng4 8. Bc1
a6 9. h3 Nf6 10. a4 a5 11. Be3 Na6 12. O-O Nh5 13. Ne1 e5 14. d5 Nf4 15. Nd3
Qg5 16. Bxf4 exf4 17. Bg4 Nc5 18. Nxc5 dxc5 19. Bxc8 Rfxc8 20. Qg4 Qxg4 21.
hxg4 Ra6 22. Ne2 g5 23. Rab1 Kf8 24. Nc1 Rb6 25. b3 Ke7 26. Re1 Bd4 27. Ne2 Be5
28. Nc1 Rh8 29. Ne2 h5 30. gxh5 g4 31. Red1 Rxh5 32. Kf1 Rh1+ 33. Ng1 Bd4 34.
Rd2 g3 35. Rxd4 cxd4 36. fxg3 fxg3 0-1

[Event "International Tournament "]
[Site "Paracin, Hotel "]
[Date "2017.07.08"]
[Round "2.40"]
[White "Matovic, Mihajlo Z"]
[Black "Karaahmetoglu, Ege"]
[Result "0-1"]
[WhiteElo "2266"]
[BlackElo "2034"]
[PlyCount "80"]
[EventDate "2017.07.07"]

1. Nf3 d5 2. g3 Nf6 3. Bg2 c6 4. O-O Bf5 5. b3 h6 6. Bb2 e6 7. d3 Be7 8. Nbd2
O-O 9. c4 Nbd7 10. Qc2 Bh7 11. a3 Bd6 12. b4 Qe7 13. e4 dxe4 14. dxe4 Rfd8 15.
Rfe1 e5 16. Bc3 Bc7 17. Qb2 Ne8 18. Nh4 Qg5 19. c5 b6 20. cxb6 axb6 21. Nc4 Qe7
22. Nf5 Qe6 23. Nd2 b5 24. Nb3 Bb6 25. Rad1 f6 26. Bh3 Bxf5 27. exf5 Qe7 28.
Bg2 Rdc8 29. Nd4 Bxd4 30. Rxd4 Nb6 31. f4 Qa7 32. fxe5 fxe5 33. Rxe5 Nc4 34.
Qe2 Nxe5 35. Qxe5 Nf6 36. Qe6+ Kh7 37. h3 Re8 38. Qd6 Rad8 39. Qf4 Ne4 40. Kh2
Nxc3 0-1

[Event "International Tournament "]
[Site "Paracin, Hotel "]
[Date "2017.07.08"]
[Round "2.42"]
[White "Peycheva, Gergana"]
[Black "Pavlovic, Milos"]
[Result "1-0"]
[WhiteElo "2161"]
[BlackElo "2500"]
[PlyCount "81"]
[EventDate "2017.07.07"]

1. d4 g6 2. c4 Bg7 3. Nc3 c5 4. d5 d6 5. e4 Nf6 6. h3 O-O 7. Be3 e6 8. Bd3 exd5
9. exd5 Nbd7 10. Nf3 Re8 11. O-O Rxe3 12. fxe3 Qe7 13. Qe2 Nh5 14. Rae1 Ne5 15.
Nxe5 Bxe5 16. Rf3 Bd7 17. g4 Ng7 18. Qf2 Rf8 19. Rf1 Kh8 20. e4 f6 21. Kh1 a6
22. Nd1 b5 23. b3 bxc4 24. Bxc4 f5 25. Bxa6 f4 26. a4 g5 27. Bc4 Ne8 28. Ne3
Nf6 29. Nf5 Qe8 30. Re1 h5 31. a5 Rf7 32. a6 Rh7 33. Kg1 hxg4 34. hxg4 Bxf5 35.
exf5 Nxg4 36. Qg2 Bd4+ 37. Kf1 Ne3+ 38. Rexe3 Bxe3 39. Rh3 Kg7 40. Rxh7+ Kxh7
41. Qxg5 1-0

[Event "International Tournament "]
[Site "Paracin, Hotel "]
[Date "2017.07.08"]
[Round "2.43"]
[White "Tscharotschkin, Michael"]
[Black "Ivic, Velimir"]
[Result "0-1"]
[WhiteElo "2148"]
[BlackElo "2375"]
[Annotator "Balkanchess"]
[PlyCount "48"]
[EventDate "2017.07.07"]

1. e4 c5 2. c3 Nf6 3. e5 Nd5 4. d4 cxd4 5. cxd4 e6 6. Nf3 d6 7. Bc4 Nc6 8. O-O
Be7 9. Bd2 O-O 10. Nc3 Nxc3 11. Bxc3 dxe5 12. Nxe5 Nxe5 13. dxe5 Bd7 14. Bd3
Bc6 15. Qc2 g6 16. Be4 Qb6 17. Bxc6 bxc6 18. Rfd1 Rfd8 19. Rxd8+ Rxd8 20. Rd1
Rd5 21. g3 Bc5 22. Rd2 h5 23. Kg2 Bf8 24. Rd3 Qa6 {unreadable} 0-1

[Event "International Tournament "]
[Site "Paracin, Hotel "]
[Date "2017.07.08"]
[Round "2.44"]
[White "Tosic, Srecko"]
[Black "Grujic, Nebojsa"]
[Result "1/2-1/2"]
[WhiteElo "2326"]
[BlackElo "2152"]
[PlyCount "78"]
[EventDate "2017.07.07"]

1. c4 f5 2. d4 Nf6 3. Nc3 g6 4. g3 Bg7 5. Bg2 O-O 6. Nf3 c6 7. O-O d6 8. Rb1
Qe8 9. b4 Ne4 10. Qc2 Nxc3 11. Qxc3 h6 12. Bb2 Nd7 13. Rbd1 Qf7 14. Qc2 Nb6 15.
Nd2 Be6 16. Rc1 Rad8 17. a4 d5 18. c5 Nd7 19. e3 g5 20. f4 gxf4 21. gxf4 Nf6
22. Nf3 Ng4 23. Qd3 Qh5 24. b5 Bd7 25. Rfe1 Kh8 26. Re2 Rg8 27. Rcc2 Rdf8 28.
Bc3 Be8 29. Ba5 Bd7 30. Bb4 Rc8 31. Be1 Nf6 32. Ne5 Qe8 33. Bf3 Ne4 34. Rg2
Bxe5 35. Rxg8+ Kxg8 36. dxe5 Qf7 37. Qd4 Kh7 38. b6 a6 39. Bxe4 fxe4 1/2-1/2

[Event "International Tournament "]
[Site "Paracin, Hotel "]
[Date "2017.07.08"]
[Round "2.45"]
[White "Can, Isik"]
[Black "Mitev, Valentin"]
[Result "1/2-1/2"]
[WhiteElo "2287"]
[BlackElo "2149"]
[PlyCount "47"]
[EventDate "2017.07.07"]

1. e4 d5 2. exd5 Qxd5 3. Nc3 Qd6 4. d4 c6 5. Nf3 Bg4 6. Be2 e6 7. g3 Qc7 8. Ne5
Bxe2 9. Qxe2 Nd7 10. Bf4 Bd6 11. Ne4 Nxe5 12. Nxd6+ Qxd6 13. Bxe5 Qd5 14. O-O
f6 15. c4 Qd7 16. Bf4 Ne7 17. Rfe1 Kf7 18. Rad1 Rhe8 19. h4 Nf5 20. Qe4 Rad8
21. Be3 h5 22. b3 g6 23. Rd2 Qe7 24. Red1 1/2-1/2

[Event "International Tournament "]
[Site "Paracin, Hotel "]
[Date "2017.07.08"]
[Round "2.46"]
[White "Milosevic, Milos"]
[Black "Kuzmanovic, Slobodan"]
[Result "1-0"]
[WhiteElo "2263"]
[BlackElo "2144"]
[PlyCount "59"]
[EventDate "2017.07.07"]

1. e4 e5 2. Nc3 Nf6 3. f4 d5 4. fxe5 Nxe4 5. Nf3 Be7 6. Qe2 Nxc3 7. dxc3 O-O 8.
Bf4 c6 9. O-O-O Qa5 10. Kb1 Na6 11. Nd4 Nc5 12. g4 Na4 13. Nb3 Qb6 14. Qf3 Be6
15. Rd4 Nc5 16. Nxc5 Bxc5 17. Rd1 d4 18. c4 Qa6 19. b3 b5 20. cxb5 cxb5 21. Bd3
Qb6 22. h4 a5 23. h5 a4 24. Qe4 g6 25. hxg6 hxg6 26. Rh6 Rfc8 27. Bg5 Bf8 28.
Qh1 Bxh6 29. Qxh6 axb3 30. Rh1 1-0

[Event "International Tournament "]
[Site "Paracin, Hotel "]
[Date "2017.07.08"]
[Round "2.47"]
[White "Dimitrijevic, Dusan"]
[Black "Konstantinov, Aleksandar"]
[Result "0-1"]
[WhiteElo "2138"]
[BlackElo "2262"]
[PlyCount "114"]
[EventDate "2017.07.07"]

1. d4 e6 2. Nf3 Nf6 3. c4 c5 4. e3 cxd4 5. exd4 d6 6. Nc3 b6 7. Bd3 Bb7 8. O-O
Be7 9. Bf4 a6 10. b4 Nbd7 11. a4 O-O 12. a5 bxa5 13. bxa5 Rc8 14. Qe2 Re8 15.
Rfb1 Ba8 16. Na4 e5 17. Nb6 Nxb6 18. axb6 Bxf3 19. Qxf3 exf4 20. b7 Rb8 21.
Rxa6 Qc7 22. Rc6 Qd7 23. Rcb6 Bd8 24. R6b5 d5 25. cxd5 Bc7 26. h3 Red8 27. Bc4
Ne8 28. Rc5 Nd6 29. Ba6 Nf5 30. Qc3 Bd6 31. Rc8 Ne7 32. Rc1 Nxd5 33. Rxd8+ Qxd8
34. Qc8 Qf8 35. Re1 Ne7 36. Qd7 Qd8 37. Qb5 Qc7 38. d5 f3 39. gxf3 h6 40. Re4
Qc1+ 41. Kg2 Qg5+ 42. Rg4 Qxd5 43. Qd7 Qc6 44. Qxc6 Nxc6 45. Rc4 Nb4 46. Rc8+
Kh7 47. Rxb8 Bxb8 48. Bb5 Kg6 49. Bd7 Kf6 50. Kf1 Ke7 51. Bf5 Na6 52. Ke2 Nc5
53. Bc8 Kd8 54. Ke3 Kc7 55. Kf4 Nxb7 56. Bf5 Kd8+ 57. Kg4 Nd6 0-1

[Event "International Tournament "]
[Site "Paracin, Hotel "]
[Date "2017.07.08"]
[Round "2.48"]
[White "Eric, Jovana"]
[Black "Stefanovic, Ognjen"]
[Result "1-0"]
[WhiteElo "2262"]
[BlackElo "2134"]
[PlyCount "83"]
[EventDate "2017.07.07"]

1. e4 c5 2. Nf3 e6 3. b3 a6 4. Bb2 Nc6 5. d4 cxd4 6. Nxd4 Qc7 7. Nc3 Nf6 8.
Nxc6 Qxc6 9. Qf3 Bb4 10. O-O-O Bxc3 11. Bxc3 Qxe4 12. Qxe4 Nxe4 13. Bxg7 Rg8
14. Bd4 d5 15. f3 Nd6 16. c4 Nf5 17. Bb6 Ne7 18. g3 Bd7 19. Bd3 dxc4 20. Bxh7
Rh8 21. Be4 cxb3 22. axb3 Nc6 23. Rd2 f5 24. Bb1 Rc8 25. Kb2 Rh7 26. g4 Rg7 27.
Rhd1 fxg4 28. fxg4 Nb4 29. h3 Nd5 30. Bd4 Rg5 31. Rg1 Ke7 32. h4 Rgg8 33. g5
Be8 34. Bh7 Rf8 35. g6 Nf6 36. g7 Nxh7 37. gxf8=Q+ Nxf8 38. Rg7+ Bf7 39. Rf2
Kd6 40. Rfxf7 Kd5 41. Bf6 Ke4 42. Rg8 1-0

[Event "International Tournament "]
[Site "Paracin, Hotel "]
[Date "2017.07.08"]
[Round "2.49"]
[White "Stanojevic, Ilija"]
[Black "Popovic, Djordje D"]
[Result "0-1"]
[WhiteElo "2123"]
[BlackElo "2258"]
[PlyCount "144"]
[EventDate "2017.07.07"]

1. c4 Nf6 2. Nc3 c5 3. Nf3 g6 4. g3 Bg7 5. Bg2 O-O 6. O-O Nc6 7. d4 cxd4 8.
Nxd4 d6 9. Nxc6 bxc6 10. Bxc6 Rb8 11. Bg2 Qa5 12. Qd2 Qb4 13. b3 Bd7 14. Rb1 a5
15. Rd1 Rfc8 16. Qd3 Bf5 17. e4 Bg4 18. f3 Be6 19. Be3 Nd7 20. Nb5 a4 21. Qd2
Qxd2 22. Rxd2 axb3 23. axb3 Nc5 24. Bf1 Bd7 25. Ra2 Ra8 26. Rxa8 Rxa8 27. b4
Ne6 28. f4 Bc6 29. Bd3 Ra2 30. g4 Bxb5 31. cxb5 Bd4 32. Bxd4 Nxd4 33. b6 Ra8
34. b7 Rb8 35. Ba6 Kg7 36. Kf2 Nc6 37. Rc1 Nxb4 38. Ra1 Nxa6 39. Rxa6 Rxb7 40.
Ra4 Rb2+ 41. Kg3 Rb3+ 42. Kf2 h6 43. Rc4 g5 44. e5 dxe5 45. fxe5 Rb5 46. Re4 e6
47. Re3 Kg6 48. h3 h5 49. gxh5+ Kxh5 50. Kg3 Rd5 51. Rf3 Kg6 52. Re3 Rd4 53.
Kf3 Kf5 54. Kg3 Rf4 55. Re2 Rb4 56. Re3 Rb5 57. Rf3+ Kg6 58. Re3 Rb4 59. Re2
Kh5 60. Rf2 Rf4 61. Re2 Kg6 62. Re3 Kf5 63. Re2 g4 64. h4 Rf3+ 65. Kg2 Rh3 66.
Rf2+ Kxe5 67. Rxf7 Rxh4 68. Kg3 Rh1 69. Ra7 Rg1+ 70. Kf2 Rd1 71. Kg3 Rd4 72.
Ra5+ Kf6 0-1

[Event "International Tournament "]
[Site "Paracin, Hotel "]
[Date "2017.07.08"]
[Round "2.50"]
[White "Velikic, Adela"]
[Black "Raykov, Stefan"]
[Result "0-1"]
[WhiteElo "2256"]
[BlackElo "2103"]
[PlyCount "36"]
[EventDate "2017.07.07"]

1. Nf3 c5 2. e4 Nc6 3. Bb5 Qc7 4. O-O e6 5. Re1 Nge7 6. b3 Ng6 7. Bb2 f6 8. c3
Be7 9. d4 O-O 10. Nbd2 d5 11. Rc1 Bd7 12. exd5 exd5 13. dxc5 Bxc5 14. c4 Qb6
15. Rf1 Nf4 16. Nb1 a6 17. Bxc6 Bxc6 18. Qd2 g5 0-1